00355 a2200145 4500001000700000020001800007040002200025041001600047082002500063100003100088245003600119250001000155260003100165362001300196137838 a9788502616820 cLeonardo Da Vinci aPortuguês a346.071 A448mbA448m aALMEIDA, João Batista de aManual de direito do consumidor a6. ed bSaraivac2015aSão Paulo a20150000